The indian political parties : (Record no. 123073)

MARC details
000 -LEADER
fixed length control field 00749nam a22002297a 4500
010 ## - LIBRARY OF CONGRESS CONTROL NUMBER
LC control number 822173
020 ## - INTERNATIONAL STANDARD BOOK NUMBER
Terms of availability 00
035 ## - SYSTEM CONTROL NUMBER
System control number 822173
037 ## - SOURCE OF ACQUISITION
Source of stock number/acquisition Cen Lib/Ret
040 ## - CATALOGING SOURCE
Original cataloging agency DPL
Language of cataloging EN
082 ## - DEWEY DECIMAL CLASSIFICATION NUMBER
Classification number 329.954
Item number MIS
100 ## - MAIN ENTRY--PERSONAL NAME
Personal name Misra, B.B.
9 (RLIN) 3993
245 ## - TITLE STATEMENT
Title The indian political parties :
Statement of responsibility, etc by B.B. Misra
Remainder of title an historical analysis of political behaviour up to 1947 /
246 ## - VARYING FORM OF TITLE
Remainder of title
260 ## - PUBLICATION, DISTRIBUTION, ETC. (IMPRINT)
Name of publisher, distributor, etc Oxford University Press
Date of publication, distribution, etc 1976
Place of publication, distribution, etc Delhi
270 ## - ADDRESS
City Delhi
Postal code 110002
Address 2/11, ansari road dariya ganj
300 ## - PHYSICAL DESCRIPTION
Extent xv, 665p.
Dimensions 21cm(Hb)
500 ## - GENERAL NOTE
General note Includes bibliographical references and index
650 ## - SUBJECT ADDED ENTRY--TOPICAL TERM
Topical term or geographic name as entry element Political Sciences
Geographic subdivision
9 (RLIN) 108304
650 ## - SUBJECT ADDED ENTRY--TOPICAL TERM
Topical term or geographic name as entry element Bureaucratic Dominances
9 (RLIN) 3995
942 ## - ADDED ENTRY ELEMENTS (KOHA)
Source of classification or shelving scheme Dewey Decimal Classification
Koha item type English Books
Classification part 329.954
Call number suffix MIS
Holdings
Withdrawn status Lost status Damaged status Not for loan Home library Current library Date acquired Source of acquisition Cost, normal purchase price Total Checkouts Full call number Barcode Date last seen Copy number Cost, replacement price Price effective from Koha item type Public note
Written off       Central Library Central Library 02/06/2015 Cen Lib/Ret 0.00   329.954 MIS 822173 02/06/2015 1 0.00 02/06/2015 English Books Written off on approval by DLB (By Circulation); dtd 15-06-2023

© Delhi Public Library
Hit Counter
free hit counter